Peidl Gyula megérkezett Szegedre és nyilatkozott a politika aktuális kérdéseiről
Elmentve itt :
| Dokumentumtípus: | Cikk |
|---|---|
| Megjelent: |
1926-12-12
|
| Sorozat: | Délmagyarország
2 No. 287 |
| Kulcsszavak: | Peidl Gyula, Országgyűlési választás Szeged 1926 |
| Online Access: | http://dmarchiv.bibl.u-szeged.hu/46075 |
| LEADER | 00494nab a2200145 i 4500 | ||
|---|---|---|---|
| 001 | delm46075 | ||
| 005 | 20180927131905.0 | ||
| 008 | 180927s1926 hu o 0|| hun d | ||
| 040 | |a SZTE Délmagyarország Archívum |b hun | ||
| 041 | |a hun | ||
| 245 | 0 | 0 | |a Peidl Gyula megérkezett Szegedre és nyilatkozott a politika aktuális kérdéseiről |h [elektronikus dokumentum] |
| 260 | |c 1926-12-12 | ||
| 300 | |a 5 | ||
| 490 | 0 | |a Délmagyarország |v 2 No. 287 | |
| 695 | |a Peidl Gyula, Országgyűlési választás Szeged 1926 | ||